| 000 | 00579nam a2200217 a 4500 | ||
|---|---|---|---|
| 005 | 20140311161027.0 | ||
| 008 | 061103s19uu xx 00 eng d | ||
| 020 | _a9780471687108 | ||
| 050 |
_aTX 911.3.M27 _b.B35 2007 |
||
| 100 | _aBardi, James A. | ||
| 245 |
_aHotel front office management / _cJames A. Bardi |
||
| 250 | _a4th ed. | ||
| 260 |
_aNew Jersey : _bJohn Wiley & Sons Inc, _c2007. |
||
| 300 |
_a468 p. : _bill. ; _c24 cm. |
||
| 521 | _aTOU | ||
| 650 | _aHotel management. | ||
| 942 |
_cBK _2lcc _kFOR |
||
| 999 |
_c21749 _d21749 |
||